[Event "POL-chT blind"]
[Site "Mielno"]
[Date "2010.03.26"]
[Round "9.1"]
[White "Mackowiak, Marek"]
[Black "Zapasnik, Henryk"]
[Result "1-0"]
[WhiteElo "2236"]
[BlackElo "1746"]
[PlyCount "77"]
[EventDate "2010.03.21"]
[EventType "team-tourn"]
[EventRounds "10"]
[EventCountry "POL"]
[SourceTitle "EXT 2011"]
[Source "ChessBase"]
[SourceDate "2010.11.26"]
[SourceVersion "1"]
[SourceVersionDate "2010.11.26"]
[SourceQuality "1"]

1. c4 Nf6 2. Nc3 g6 3. g3 Bg7 4. Bg2 c6 5. e4 d6 6. Nf3 Bg4 7. d4 Nbd7 8. 0-0 e5 9. d5 cxd5 10. cxd5 Rc8 11. Qa4 a6 12. Be3 0-0 13. Nd2 Nc5 14. Qa3 Ne8 15. f3 Bd7 16. Rfd1 f5 17. exf5 Bxf5 18. b4 Nd7 19. Rac1 Ndf6 20. Qb3 b5 21. a4 Bd3 22. Nxb5 Bxb5 23. axb5 axb5 24. Rc6 Rf7 25. Rdc1 Rfc7 26. Bb6 Bh6 27. R1c2 Bxd2 28. Rxd2 Qd7 29. Bxc7 Nxc7 30. h4 Rb8 31. Kh2 Kf8 32. Bh3 Qd8 33. Be6 g5 34. hxg5 Nh5 35. Qe3 Qe7 36. Bg4 Ng7 37. f4 Qf7 38. fxe5 Nxd5 39. Qd4 1-0